| 000 -CABECERA |
| Longitud fija campo de control |
01048cam a2200277 i 4500 |
| 001 - NÚMERO DE CONTROL |
| Número de control |
991061262377206706 |
| 003 - IDENTIFICADOR DEL NÚMERO DE CONTROL |
| Identificador del número de control |
OSt |
| 005 - FECHA Y HORA DE LA ÚLTIMA TRANSACCIÓN |
| Fecha y hora de la última transacción |
20250122111849.0 |
| 008 - CÓDIGOS DE INFORMACIÓN DE LONGITUD FIJA |
| Códigos de información de longitud fija |
250110e202501 spc |||||| 000 0 cat|c |
| 017 ## - NÚMERO DE COPYRIGHT O DE DEPÓSITO LEGAL |
| Número de copyright o de depósito legal |
DL B 21964-2024 |
| Agencia que asigna el número |
Biblioteca de Catalunya |
| 020 ## - NÚMERO INTERNACIONAL NORMALIZADO PARA LIBROS |
| Número Internacional Normalizado para Libros (ISBN) |
9788497668606 |
| 040 ## - FUENTE DE LA CATALOGACIÓN |
| Centro catalogador de origen |
ES-ViU |
| Lengua de catalogación |
cat |
| Normas de descripción |
rda |
| Centro transcriptor |
ES-ViU |
| 080 ## - NÚMERO DE LA CLASIFICACIÓN DECIMAL UNIVERSAL |
| Número de la Clasificación Decimal Universal |
94 |
| Subdivisión auxiliar común |
(460.23) |
| -- |
"1931/1939" |
| -- |
(089.3) |
| Identificador de la edición |
2004 |
| 245 10 - MENCIÓN DE TÍTULO |
| Título |
Mirador indiscret : |
| Resto del título |
anècdotes, humor i xafarderies de la història petita de la Catalunya dels anys 30 / |
| Mención de responsabilidad, etc. |
tria dels textos i edició a cura de Carles Singla |
| 246 30 - VARIANTES DE TÍTULO |
| Título propio / Título en breve |
Anècdotes, humor i xafarderies de la història petita de la Catalunya dels anys 30 |
| 264 #1 - PRODUCCIÓN, PUBLICACIÓN , DISTRIBUCIÓN, FABRICACIÓN Y COPYRIGHT |
| Lugar de producción, publicación, distribución, fabricación |
Vic : |
| Nombre del productor, editor, distribuidor, fabricante |
Eumo Editorial, |
| Fecha de de producción, publicación, distribución, fabricación o copyright |
2025 |
| 300 ## - DESCRIPCIÓN FÍSICA |
| Extensión |
259 pàgines ; |
| Dimensiones |
22 cm |
| 490 1# - MENCIÓN DE SERIE |
| Mención de serie |
[Punts de vista] |
| 630 #0 - PUNTO DE ACCESO ADICIONAL DE MATERIA - TÍTULO UNIFORME |
| 9 (RLIN) |
4999 |
| Título uniforme |
Mirador (Revista) |
| Subdivisión de materia general |
Història |
| 651 #7 - PUNTO DE ACCESO ADICIONAL DE MATERIA - NOMBRE GEOGRÁFICO |
| Nombre geográfico |
Catalunya |
| Subdivisión de materia general |
Història |
| Subdivisión cronológica |
1931-1939, Segona República. |
| Subdivisión de materia general |
Anècdotes |
| Fuente del encabezamiento o término |
lemac |
| 700 1# - PUNTO DE ACCESO ADICIONAL - NOMBRE DE PERSONA |
| Nombre de persona |
Singla Casellas, Carles |
| 9 (RLIN) |
3001 |
| 830 #0 - PUNTO DE ACCESO ADICIONAL DE SERIE - TÍTULO UNIFORME |
| Título uniforme |
Punts de vista |
| 908 ## - CONTROL DE PARÁMETROS (RLIN) |
| Parametro de comando lanzado |
UVic-UCC |
| 940 ## - |
| T&íacute;tulo uniforme |
<a href="UVic-UCC">UVic-UCC</a> |
| 942 ## - ENTRADA DE ELEMENTOS AGREGADOS (KOHA) |
| Fuente de clasificaión o esquema |
|
| Koha [por defecto] tipo de item |
Monografies |